Statistics for States that Border Missouri

Click here to take the quiz!

General Stats

  • This quiz has been taken 1,684 times
  • The average score is 7 of 8

Answer Stats

DirectionAnswer% Correct
WKansas
92%
SArkansas
91%
NIowa
89%
EIllinois
86%
SETennessee
86%
SEKentucky
85%
NWNebraska
85%
SWOklahoma
84%

Score Distribution

Percentile by Number Answered

Percent of People with Each Score

Your Score History

You have not taken this quiz